000 01092nam0a22002531 4500
001 rc\549422
005 20030616170054.0
035 _a(NLR Aleph) 005785593
090 _a5147616
_c5147616
100 _a20030616d1988 u |0rusy50 ca
101 0 _arus
102 _aRU
105 _aa |||||||||
200 1 _aПрогрессивные технологические процессы ковки в условиях автоматизированного производства
_eАналит. обзор
_fМ-во станкостроит. и инструм. пром-сти СССР, ВНИИ информ. техн.-экон. исслед. по машиностроению и робототехнике ВНИИТЭМР
210 _aМ.
_cВНИИТЭМР
_d1988
215 _a[1], 35 с.
_cил.
_d21
300 _aНа обл. авт. не указан
320 _aБиблиогр.: с. 32-34
700 1 _aЭкарев
_bМ. С.
_gМихаил Сергеевич
801 0 _aRU
_bNLR
_gpsbo
801 1 _aRU
_bELAR
_2rusmarc
852 _aNLR
_j89-6/1359
942 _cBOOK
980 _aNB